000 00827nam a22002891 4500
001 6183
003 BD-RjUL
005 20211208234212.0
008 140109s1963 nyua b 001 0 eng
035 _a(BD-RjUL)6222
040 _aDLC/ICU
_cICU
_dBD-RjUL
_beng
041 _aeng
082 0 0 _a513.83
_bHAP 1963
100 1 _aHartnett, William E.
_919447
245 1 0 _aPrinciples of modern mathematics /
_cWilliam E. Hartnett
260 _aNew York :
_bHarper & Row,
_cc1963.
300 _axiii, 416p. :
_billus. ;
_c24 cm.
504 _aIncludes index.
650 0 _aAlgebraic topology.
_919449
650 0 _aMathematical analysis.
_97572
650 0 _aAlgebra.
_919450
740 0 _aModern mathematics.
942 _2ddc
_cBK
999 _c6183
_d6183